Statistics for Countries Least Similar To New Zealand

Click here to take the quiz!

General Stats

  • This quiz has been taken 13 times
  • The average score is 11 of 20

Answer Stats

RankCountryScore% Correct
6Chad34.8
83%
9Ethiopia37.2
83%
9Mali37.2
75%
3Mauritania34.5
75%
1Somalia31.8
75%
7Sudan35.7
75%
12Djibouti37.4
67%
3Eritrea34.5
67%
5Niger34.6
67%
2Yemen33.3
67%
8Burundi36.9
50%
18Central African Republic39.0
50%
19Guinea39.1
50%
13Guinea-Bissau37.8
50%
14Senegal38.4
50%
20Burkina Faso39.2
42%
9Afghanistan37.2
33%
15Togo38.7
33%
16Cambodia38.8
17%
16Bangladesh38.8
8%

Score Distribution

Percentile by Number Answered

Percent of People with Each Score

Your Score History

You have not taken this quiz